Broken news / (Record no. 39077)

MARC details
000 -LEADER
fixed length control field 02271nam a22003377a 4500
005 - DATE AND TIME OF LATEST TRANSACTION
control field 20100803161516.0
010 ## - LCCN (DPL NO)
LC control number ENG-97998 B-423871-878
020 ## - INTERNATIONAL STANDARD BOOK NUMBER
International Standard Book Number 9789380032672
Terms of availability 250.00
035 ## - SYSTEM CONTROL NUMBER
System control number EN-81531
035 ## - SYSTEM CONTROL NUMBER
System control number B-423871-878
037 ## - SOURCE OF ACQUISITION
Source of stock number/acquisition DBAD/PUB
037 ## - SOURCE OF ACQUISITION
Source of stock number/acquisition Researchco Book Centre
082 ## - DEWEY DECIMAL CLASSIFICATION NUMBER
Classification number N
100 ## - MAIN ENTRY--PERSONAL NAME
Personal name Tripathi, amrita
245 ## - TITLE STATEMENT
Title Broken news /
Statement of responsibility, etc by Amrita tripathi
260 ## - PUBLICATION, DISTRIBUTION, ETC. (IMPRINT)
Place of publication, distribution, etc Chennai
Name of publisher, distributor, etc Tranquebar
Date of publication, distribution, etc 2010
270 ## - ADDRESS
Address Venkat Towers, 165, P.H. Road
City Chennai
Postal code 600095
300 ## - PHYSICAL DESCRIPTION
Extent viii, 236p.
Dimensions 20cm (pbk)
650 ## - SUBJECT ADDED ENTRY--TOPICAL TERM
Topical term or geographic name as entry element Novel
942 ## - ADDED ENTRY ELEMENTS (KOHA)
Source of classification or shelving scheme Dewey Decimal Classification
Item type English Books
Classification part N
Call number suffix TRI
Holdings
Withdrawn status Lost status Not for loan Collection code Home library Current library Date acquired Source of acquisition Cost, normal purchase price Full call number Barcode Copy number Cost, replacement price Koha item type
  Written-off vide DLB M. No. 383 dt 16.05.19   Non-fiction Central Library Central Library 05/08/2011 Researchco Book Centre/RBC-22385/2011-12/14.3.11/76/4.3.11/21.3.11 250.00 N TRI B-423871 2 250.00 English Books
      Non-fiction Central Library Central Library 05/08/2011 Researchco Book Centre/RBC-22385/2011-12/14.3.11/76/4.3.11/21.3.11 250.00 N TRI B-423872 2 250.00 English Books
    Not For Loan Non-fiction D.B.Act.Division D.B.Act.Division 03/08/2010 DBAD/PUB 250.00 N TRI EN-81531 1 250.00 English Books
      Non-fiction Mobile Library Mobile Library 05/08/2011 Researchco Book Centre/RBC-22385/2011-12/14.3.11/76/4.3.11/21.3.11 250.00 N TRI B-423873 5 250.00 English Books
      Non-fiction Mobile Library Mobile Library 05/08/2011 Researchco Book Centre/RBC-22385/2011-12/14.3.11/76/4.3.11/21.3.11 250.00 N TRI B-423874 5 250.00 English Books
      Non-fiction Mobile Library Mobile Library 05/08/2011 Researchco Book Centre/RBC-22385/2011-12/14.3.11/76/4.3.11/21.3.11 250.00 N TRI B-423875 5 250.00 English Books
      Non-fiction Mobile Library Mobile Library 05/08/2011 Researchco Book Centre/RBC-22385/2011-12/14.3.11/76/4.3.11/21.3.11 250.00 N TRI B-423876 5 250.00 English Books
      Non-fiction Mobile Library Mobile Library 05/08/2011 Researchco Book Centre/RBC-22385/2011-12/14.3.11/76/4.3.11/21.3.11 250.00 N TRI B-423877 5 250.00 English Books
      Non-fiction Sarojini Nagar Sarojini Nagar 05/08/2011 Researchco Book Centre/RBC-22385/2011-12/14.3.11/76/4.3.11/21.3.11 250.00 N TRI B-423878 1 250.00 English Books

© Delhi Public Library
Hit Counter
free hit counter